| 000 | 01510nam a22002057a 4500 | ||
|---|---|---|---|
| 001 | 5748 | ||
| 003 | FISKH | ||
| 005 | 20250117111123.0 | ||
| 008 | 250117b cb ||||| |||| 00| 0 eng d | ||
| 020 | _a9780008202163 | ||
| 040 |
_aFISKH _beng _cFISKH _dFISKH |
||
| 100 | _aFraser, Leon | ||
| 245 |
_aCambridge IGCSE physical education / _cby Leon Fraser, Gareth Norman and Matthew Brown |
||
| 260 |
_aLondon : _bHarperCollins Publishers ; _c2017. |
||
| 300 |
_a277 pages : _bcolor illustrations ; _c27 cm . |
||
| 520 | _aCollins Cambridge IGCSE® PE is the only published course to offer comprehensive coverage of the Cambridge IGCSE® PE syllabus. Consisting of a clear, colourful Student Book, a supportive Teacher's Guide and a digital component for reinforcement of key syllabus topics, the course enables students to deepen their understanding and build confidence. Exam Board: Cambridge Assessment International Education First teaching: 2017 First examination: 2019 Using the Student Book enables learners to * deepen knowledge and understanding through the clear and concise explanations given and the contexts selected * learn a range of skills, such as how to build self-awareness and how to reflect on their performance * review, record and evaluate their work * monitor their learning using the 'Learning Log' and 'Check your Progress' features This title is endorsed by Cambridge Assessment International Education. | ||
| 700 |
_aSchubert, Jan _eeditor |
||
| 942 |
_2ddc _cBK _n0 |
||
| 999 |
_c5748 _d5748 |
||